000 00440nam a22001337a 4500
003 SGT
082 _a617.69
_bC25G
100 _aGupta, Vaishali
245 _aComparative Evaluation of stress distribution pattern around 2-piece threaded dental implants as affected by varying implant materials using 3-D finite analysis
260 _aGurugram, Haryana
_bSGT University
_c2025
300 _a128
650 _aProsthodontics
942 _2ddc
_cTH
999 _c32111
_d32111